Sanat - "Marilyn" - Juice Leskinen - Statistics

Yleistilastot
  • Tätä visaa on pelattu 224 kertaa
  • Keskiarvotulos 109 / 182
Vastaustilastot
Sanat % Oikein
100%
100%
Marilyn
99%
Marilyn,
99%
jumpperin?
94%
jumpperin
94%
milloin
94%
riisut
90%
89%
89%
ja
83%
(ja
83%
Ja
83%
takaisin?
83%
sun
78%
Sun
78%
koskaan
74%
saanko
71%
ajan
69%
Oli
69%
lauloin)
66%
näin
65%
olit
63%
tuon
63%
sua
60%
puuterihuiskun
58%
tuiskun
57%
tuulen
57%
läpi
56%
nähdäkseni
56%
sinut
55%
mun
53%
sinun
53%
taivalsin
52%
kun
51%
naapurin
51%
Mua
49%
mua
49%
mua,
49%
narttu
49%
pelkkä
49%
tytössä
49%
kanssa
48%
nainen,
47%
nainen
47%
onanoin
47%
Arttu
45%
peffaan
45%
hampaat
44%
iskin
44%
joka
44%
leffaan
44%
loveen
43%
unessa
43%
Olin
42%
ootan
42%
sai
42%
silloin
42%
langenneena
41%
kirjailija
40%
lemmin
40%
palaat
40%
silmäni
40%
suljin
40%
ei
39%
prätkää
39%
rahani
39%
Boston
38%
seinältä
38%
tuhlasin
38%
vain
38%
herkkupoveen
37%
kirveli
36%
kiskoin,
36%
tuijottelin
36%
hurlumhei
35%
illoin
35%
jumalo
35%
minun
35%
muut
35%
Muut
35%
sinua
35%
uniin
35%
virallisemmin
35%
itkin
34%
Itseni
34%
kuuta
34%
jätkää
33%
jumaloi
33%
keuhkoissa
33%
kirjeillä
33%
nuori
33%
nurinniskoin
33%
täällä
33%
tulisesti
33%
ulvoin
33%
jumaloin
31%
kaikkein
31%
kovaa
31%
pyhin
30%
uneen
30%
vaikka
30%
vastaili
30%
keikkui
29%
roston
29%
mitkään
28%
siitä
28%
sänkyyn
27%
hiivin
26%
Hollywoodiin
26%
näyttelin
26%
siivin
26%
kuvasi
25%
jengissä
24%
masentaneet
24%
MGM
24%
voimat
24%
aatosten
17%
prylkreemikutreilla
7%
shubiduu!
2%
ia
1%
Ehtoja vastaavia visoja ei löytynyt
Tulosjakauma
Jokaisen tuloksen saaneiden osuus
Persentiili vastausten määrän mukaan
Tuloshistoriasi
Et ole pelannut tätä visaa